000 00987nam0a22003011 4500
001 rc\2258159
005 20250623021552.0
035 _a(NLR Aleph) 006526199
090 _a6483941
_c6483941
100 _a20110826d1979 |||y0rusy50 ca
101 0 _arus
102 _aRU
105 _aa z |||a|
200 1 _aСердца, отданные людям
_eРассказы о движении за мир, его борцах и героях
205 _a2-е изд., доп.
210 _aМосква
_cПолитиздат
_d1979
215 _a288 с., 12 л. ил.
_cил.
_d20
606 _aДвижение сторонников мира
_2psbo
686 _aТ3(0)63-461,02
_2rubbk
686 _a66.77
_2rubbk
700 1 _aКованов
_bВ.В.
_gВладимир Васильевич
801 0 _aRU
_bNLR
_gpsbo
801 1 _aRU
_bELAR
_2rusmarc
852 _aNLR
_j79-3/4384
899 _aRuMoRGB
_jB 79-3/319
899 _aRuMoRGB
_jB 79-3/320
942 _cBOOK
980 _aNB